| 000 | 00622cam a2200193 a 4500 | ||
|---|---|---|---|
| 001 | 13090047 | ||
| 005 | 20240130003539.0 | ||
| 008 | 021126s2002 nyu b i000 0 eng c | ||
| 020 | _a9211302226 | ||
| 040 |
_aInIU-L _cILI _dDLC |
||
| 082 |
_222 _a305.8. |
||
| 245 | 0 | 0 |
_aWomen, peace and security : _bstudy submitted by the Secretary-General pursuant to Security Council resolution 1325 (2000). |
| 260 |
_aNew York : _bUnited Nations, _c2002. |
||
| 300 | _axii, 179 p. ; | ||
| 500 | _a"United Nations publication. Sales no. E.03.IV.1"--T.p. verso. | ||
| 650 | 0 | _aWomen and peace. | |
| 650 | 0 | _aWomen and war. | |
| 942 | _cL | ||
| 999 |
_c219 _d219 |
||